000 00552nam a2200181Ia 4500
005 20250326142907.0
008 250326s9999 xx 000 0 und d
037 _aTextbook
040 _aFMSL
_beng
_cFMSL
041 _aeng
_2eng
084 _aX0bD658(2:55)k P2_.1
_qFMSL
100 _aMalonis J A
245 0 _aGale Encyclopedia of e-commerce Vol 1 A-I
_cMalonis J A
260 _aNew York
_bNew York, Gale Group Thomson Learning
_c2002
300 _a437p
942 _cTB
_hX0bD658(2:55)k P2_.1
999 _c1297142
_d1297142